Multiple Choice - Taxonomy Definitions - Statistics

General Stats
  • This quiz has been taken 5 times
  • The average score is 11 of 20
Answer Stats
Question Answer % Correct
What are Autotrophs? Organisms that make their own food
100%
What is the definition of a Eukaryotic cell? A cell with a membrane bound nucleus and organelles
80%
What is the definition of the Domain Bacteria? A domain that includes prokaryotic, single-celled organisms that lack a membrane bound nucleus and can be classified by shape
80%
What is the definition of a heterotroph? An organism that must consume others for energy
80%
What is the definition of the Domain Archaea? One of the three taxonomic domains of organisms; consists of a specialized group of unicellular prokaryotes that can live in extreme environments
80%
Multicellular means... A category of organisms made up of more than one cell and of different types of cells
60%
What is the definition of the Domain Eukarya A domain of organisms that have cells that contain a membrane bound nucleus
60%
What is the level of taxonomy that falls below family and above species? Genus
60%
What is the definition of Kingdom Plantae? Kingdom of autotrophic eukaryotes that includes all plants
60%
What is the definition of the Kingdom Archaea? Kingdom of prokaryotic, single-celled organisms that live in extreme environments
60%
What is Taxonomy? The branch of science that formally names and classifies organisms by their structure, function, and relationships
60%
Prokaryotic cells are... A cell lacking a nucleus or any other membrane-enclosed organelle
40%
What is an example of a heterotroph? A Chickadee
40%
What is the definition of the Kingdom Animalia? Kingdom of heterotrophic eukaryotes that includes all animals
40%
What is the definition of the Kingdom Bacteria? Kingdom of prokaryotic, single-celled organisms that lack a membrane-enclosed nucleus and can be classified by shape
40%
What is the definition of the Kingdom Protista? Kingdom of single-celled and simple multiple-celled eukaryotic organisms
40%
True or False: Humans reside in the Domain Eukarya True
40%
True or False: Organisms like Bacteria and Protista's are Prokaryotic True
40%
True or False: Bacteria are Eukaryotic False
20%
What is the definition of Kingdom Fungi? Kingdom of heterotrophic eukaryotes
20%
No matching quizzes found
Score Distribution
Percent of People with Each Score
Percentile by Number Answered
Your Score History
You have not taken this quiz